| 000 | 00854nam a2200253Ia 4500 | ||
|---|---|---|---|
| 001 | Para_7817 | ||
| 003 | CHAP | ||
| 008 | 220125s1889 xx 000 0 und d | ||
| 010 | _a206452 | ||
| 040 | _cCHAP | ||
| 082 | _aPA 595.706 F6 | ||
| 100 |
_aForbes, Stephen A. _942281 |
||
| 245 |
_aReport of the State Entomologist on the Noxius and beneficial insects of the State Illinois / _c Stephen A. Forbes |
||
| 260 |
_aBloomington : _b Pantagraph Printing and Stationery |
||
| 500 | _aLa biblioteca tiene: First annual report, 1883; Thirteenth report, 1908; Seventeenth report, 1915; Eighteenth report, 1916 | ||
| 650 |
_aEntomología económica _937145 |
||
| 901 | _aPA 595.706 F6 | ||
| 902 | _aA | ||
| 905 | _a000000188- 0000000000 00 | ||
| 910 | _a188- | ||
| 942 | _cPARA | ||
| 942 |
_cPARA _d1 |
||
| 999 |
_c206452 _d206452 |
||